000 00558nam a2200205Ia 4500
001 9785
003 GE_BSU
008 181216s||||||||xx |||||||||||||| ||und||
040 _cGE_BSU
080 _a821.353.1–1
100 _aმრევლიშვილი,მაყვალა
245 _aლექსები
245 _cრედ.ი.ურუშაძე
260 _aთბილისი
260 _bსაბლიტგამი
260 _c1940
300 _a110გვ.15სმ.
653 _aლექსები
942 _cBK
999 _c43065
_d43065